000 00966pam a2200313 a 4500
001 6941
003 BD-RjUL
005 20211208234337.0
008 130114s1981 gw b 010 0 eng
020 _a3110084198 :
035 _a(BD-RjUL)
040 _aDLC
_cDLC
_dDLC
_dOCoLC
_beng
041 0 _aengger
082 0 0 _a519.5028
_219
_bCON 1981
245 0 0 _aComputational statistics /
_ceditors, Herbert Büning, Peter Naeve.
260 _aBerlin ;
_aNew York :
_bDe Gruyter,
_c1981.
300 _axix, 348 p. ;
_c25 cm.
500 _aFestschrift dedicated to Dr. Wolfgang Wetzel.
500 _aEnglish and German.
504 _aIncludes bibliographical references.
600 1 0 _aWetzel, Wolfgang.
_921767
650 0 _aMathematical statistics
_xData processing.
_921768
700 1 _aBüning, Herbert.
_921769
700 1 _aNaeve, Peter.
_921770
700 1 _aWetzel, Wolfgang.
_921771
942 _2ddc
_cBK
999 _c6941
_d6941